| Tag |
First Indicator |
Second Indicator |
Subfields |
| LEADER |
00000cgm a2200000Mi 4500 |
| 001 |
in00005569721 |
| 006 |
m o c |
| 007 |
cr |n||||||||a |
| 007 |
vz |za|z| |
| 008 |
170801s2014 ilu004 e o vueng d |
| 005 |
20241201231854.0 |
| 035 |
|
|
|a (OCoLC)on1000198841
|
| 040 |
|
|
|a ALSTP
|b eng
|e rda
|e pn
|c ALSTP
|d OCLCO
|d OCLCF
|d UPM
|d IGB
|d IDJ
|d OCLCQ
|d OCLCO
|d CAUOI
|d WYU
|d S9I
|d OCLCA
|d OCLCO
|d OCLCL
|d DXU
|
| 019 |
|
|
|a 1443953047
|
| 035 |
|
|
|a (OCoLC)1000198841
|z (OCoLC)1443953047
|
| 043 |
|
|
|a n-us---
|
| 049 |
|
|
|a TXAM
|
| 245 |
0 |
0 |
|a Reaching teens :
|b strength-based communication strategies to build resilience and support healthy adolescent development.
|n 32.3,
|p Mindful walking. Vo. /
|c [produced by] American Academy of Pediatrics.
|
| 264 |
|
1 |
|a Elk Grove Village, Ill. :
|b American Academy of Pediatrics,
|c 2014.
|
| 300 |
|
|
|a 1 online resource (4 min.)
|
| 306 |
|
|
|a 000402
|
| 336 |
|
|
|a two-dimensional moving image
|b tdi
|2 rdacontent
|
| 337 |
|
|
|a video
|b v
|2 rdamedia
|
| 337 |
|
|
|a computer
|b c
|2 rdamedia
|
| 338 |
|
|
|a other
|b vz
|2 rdacarrier
|
| 338 |
|
|
|a online resource
|b cr
|2 rdacarrier
|
| 347 |
|
|
|a data file
|2 rda
|
| 380 |
|
|
|a Videorecording
|
| 490 |
0 |
|
|a Academic Video Online
|
| 500 |
|
|
|a Title from resource description page (viewed August 01, 2017).
|
| 511 |
0 |
|
|a Speaker and teacher: Dzung X. Vo.
|
| 520 |
|
|
|a This instructional video, from the "Reaching Teens: Strength-Based Communication Strategies to Build Resilience and Support Healthy Adolescent Development" series produced by the American Academy of Pediatrics, is a lecture and demonstration by adolescent medicine specialist Dzung X. Vo about mindful walking.
|
| 546 |
|
|
|a In English.
|
| 650 |
|
0 |
|a Walking
|x Psychological aspects.
|
| 650 |
|
0 |
|a Youth
|x Services for
|z United States.
|
| 650 |
|
0 |
|a Youth development
|z United States.
|
| 650 |
|
0 |
|a Mindfulness (Psychology)
|
| 650 |
|
6 |
|a Jeunesse
|x Services
|z États-Unis.
|
| 650 |
|
6 |
|a Jeunesse
|x Développement
|z États-Unis.
|
| 650 |
|
6 |
|a Pleine conscience (Psychologie)
|
| 650 |
|
7 |
|a Mindfulness (Psychology)
|2 fast
|0 (OCoLC)fst01921242
|
| 650 |
|
7 |
|a Walking
|x Psychological aspects.
|2 fast
|0 (OCoLC)fst01170064
|
| 650 |
|
7 |
|a Youth development.
|2 fast
|0 (OCoLC)fst01183602
|
| 650 |
|
7 |
|a Youth
|x Services for.
|2 fast
|0 (OCoLC)fst01183511
|
| 651 |
|
7 |
|a United States.
|2 fast
|0 (OCoLC)fst01204155
|1 https://id.oclc.org/worldcat/entity/E39PBJtxgQXMWqmjMjjwXRHgrq
|
| 655 |
|
7 |
|a Educational films.
|2 fast
|0 (OCoLC)fst01726235
|
| 655 |
|
7 |
|a Film excerpts.
|2 fast
|0 (OCoLC)fst01726130
|
| 655 |
|
7 |
|a Instructional films.
|2 fast
|0 (OCoLC)fst01726236
|
| 655 |
|
7 |
|a Film excerpts.
|2 lcgft
|
| 655 |
|
7 |
|a Educational films.
|2 lcgft
|
| 655 |
|
7 |
|a Instructional films.
|2 lcgft
|
| 655 |
|
7 |
|a Films éducatifs.
|2 rvmgf
|
| 655 |
|
7 |
|a Films de formation.
|2 rvmgf
|
| 700 |
1 |
|
|a Vo, Dzung X.,
|e speaker,
|e teacher.
|
| 710 |
2 |
|
|a American Academy of Pediatrics,
|e production company.
|
| 856 |
4 |
0 |
|u http://proxy.library.tamu.edu/login?url=https://www.aspresolver.com/aspresolver.asp?MARC;3276223
|z Connect to this streaming video (Alexander Street Press)
|t 0
|
| 955 |
|
|
|a Alexander Street Press subscription streaming video
|
| 994 |
|
|
|a 92
|b TXA
|
| 999 |
f |
f |
|s ce8ca3e9-fc2f-482e-a4e1-9a6cf97d7d2e
|i 96a3450e-9657-4b5a-80e8-f559c32d6e67
|t 0
|
| 952 |
f |
f |
|a Texas A&M University
|b College Station
|c Electronic Resources
|d Available Online
|t 0
|h Library of Congress classification
|
| 998 |
f |
f |
|t 0
|l Available Online
|